UBT Library

POLITICAL SCIENCE RESEARCH METHODS (Record no. 58525)

000 -LEADER
fixed length control field 00340nam a22001457a 4500
008 - FIXED-LENGTH DATA ELEMENTS--GENERAL INFORMATION
fixed length control field 221012b ||||| |||| 00| 0 eng d
020 ## - INTERNATIONAL STANDARD BOOK NUMBER
International Standard Book Number 9780872894426
041 ## - LANGUAGE CODE
Language code of text/sound track or separate title eng
080 ## - UNIVERSAL DECIMAL CLASSIFICATION NUMBER
Edition identifier SIXTH EDITION
Universal Decimal Classification number 34
082 ## - DEWEY DECIMAL CLASSIFICATION NUMBER
Classification number 34
100 ## - Rafti
Rafti 31.2
101 ## - Shkurtesa
Shkurtesa JUR
245 ## - TITLE STATEMENT
Title POLITICAL SCIENCE RESEARCH METHODS
Statement of responsibility, etc BUTTOLPH J
942 ## - ADDED ENTRY ELEMENTS (KOHA)
Source of classification or shelving scheme
Item type Books
Holdings
Withdrawn status Lost status Source of classification or shelving scheme Damaged status Not for loan Collection code Permanent location Current location Date acquired Total Checkouts Full call number Barcode Date last seen Price effective from Koha item type
          Koleksioni i përgjithshem UBT - Lipjan UBT - Lipjan 10/12/2022   34 BUT 002-80002870026085 10/12/2022 10/12/2022 Books
UBT Library © 2015-2024. All rights reserved University Education for Business and Technology